| 000 | 01105namaa2200241 i 4500 | ||
|---|---|---|---|
| 001 | 177691 | ||
| 003 | ES-MaACL | ||
| 005 | 20250726075520.0 | ||
| 008 | 110412s1879 fr | |||| ||fre d | ||
| 100 | 1 |
_aJunghans, Wilhelm ( _d1834-1865) _9146145 |
|
| 245 | 1 | 0 |
_aHistoire critique des règnes de Childérich et de Chlodovech / _cpar W. Junghans ; traduite par M. Gabriel Monod... et augmentée d'une introduction et de notes nouvelles. |
| 260 |
_aParis : _bF. Vieweg, _c1879. |
||
| 300 |
_aXV, 165 p. ; _c25 cm. |
||
| 490 | 1 |
_aBibliothéque de l'École des hautes études. Sciences philologiques et historiques ; _vfasc. 37 |
|
| 600 | 0 | 4 |
_aChilderico _bI _crey de los francos. _9146146 |
| 600 | 0 | 4 |
_aClodoveo _b1 _cRey de los Francos. _9156492 |
| 651 | 4 |
_aFrancia- _xHistoria- _y476-687, Merovingios. _9146090 |
|
| 651 | 4 |
_aFrancia- _xHistoria- _y481-511, Clodoveo I. _9156491 |
|
| 700 | 1 |
_aMonod, Gabriel. _982255 |
|
| 830 | 1 | 0 |
_aBibliothèque de l'École des Hautes Études. Sciences historiques et philologiques _vfasc. 37 _9229685 |
| 852 |
_aES-MaACL _jC-7576 |
||
| 999 |
_c177691 _d177691 |
||